Statistics for Name the Type of Fish

Click here to take the quiz!

General Stats

  • This quiz has been taken 41 times
  • The average score is 6 of 15

Answer Stats

SpeciesType% Correct
Largemouth, Smallmouth, RockBass
92%
Chinook, Coho, PinkSalmon
79%
Alligator, Longnose, SpottedGar
68%
Channel, Goonch, PiraibaCatfish
66%
Common, Asian, GrassCarp
61%
Redear, Bluegill, PumpkinseedSunfish
45%
Nassau, Gag, JewfishGrouper
37%
Kidako, Green, ZebraMoray Eel
32%
Redbellied, Redeyed, BlackPiranha
32%
Black, Red, FreshwaterDrum
21%
Olive, Summer, StarryFlounder
21%
King, Spanish, HorseMackerel
21%
Reef, Redtoothed, PicassoTriggerfish
21%
Freshwater, Queen, EmperorAngelfish
16%
Black, Blue, StripedMarlin
13%

Score Distribution

Percentile by Number Answered

Percent of People with Each Score

Your Score History

You have not taken this quiz